|
|
|
|
| LEADER |
00000nab a2200000 a 4500 |
| 001 |
vtls000790806 |
| 003 |
SK-MaSNL |
| 005 |
20260511144238.0 |
| 008 |
160405c2001 xo 0 slo |
| 015 |
|
|
|a SNBRB2002/05-15087
|
| 035 |
|
|
|a CLN000142461
|
| 040 |
|
|
|a SNKBUCL
|b slo
|c SNKBUCL
|e AACR2
|
| 041 |
0 |
|
|a slo
|
| 044 |
|
|
|a xo
|c SK
|
| 080 |
|
|
|a 615.816
|2 1997
|
| 100 |
1 |
|
|a Török, Pavol,
|d 1949-2024
|4 aut
|9 248153
|
| 245 |
1 |
0 |
|a Časová konštanta pri umelej ventilácii pľúc - teoretický a fyzikálny model
|c P. Török, M. Májek, J. Kolník
|
| 246 |
1 |
1 |
|a Time constant tau during mechanical ventilation: theoretical and physical model
|
| 300 |
|
|
|b Graf
|
| 504 |
|
|
|a Res. angl., slov.
|
| 504 |
|
|
|a Bibliogr. odkazy
|
| 650 |
0 |
7 |
|a pľúca
|2 snkbucl
|9 16489
|
| 650 |
0 |
7 |
|a ventilácia umelá
|2 snkbucl
|9 877358
|
| 650 |
0 |
7 |
|a pľúcna ventilácia
|2 snkbucl
|9 567160
|
| 650 |
0 |
7 |
|a mechanické ventilátory
|2 snkbucl
|9 1271635
|
| 650 |
0 |
7 |
|a modely teoretické
|2 snkbucl
|9 863969
|
| 650 |
0 |
7 |
|a poddajnosť pľúc
|2 snkbucl
|9 1320846
|
| 650 |
0 |
7 |
|a odpor dýchacích ciest
|2 snkbucl
|9 22737
|
| 650 |
0 |
7 |
|a katétre, dočasne zavedené
|2 snkbucl
|9 839249
|
| 655 |
|
7 |
|a články z novín a časopisov
|2 snkbucl
|9 267496
|
| 700 |
1 |
|
|a Májek, M.
|4 aut
|9 6534
|
| 700 |
1 |
|
|a Kolník, J.
|4 aut
|9 1014002
|
| 773 |
0 |
|
|x 0862-4968
|t Anesteziologie a neodkladná péče
|g Roč. 12, č. 6 (2001), s. 291-294
|
| 850 |
|
|
|a Slovenská národná knižnica v Martine
|
| 852 |
|
|
|a SNK
|b KIS3GCP
|
| 958 |
|
|
|a MI
|
| 958 |
|
|
|a NB
|
| 958 |
|
|
|a RBX
|
| 999 |
|
|
|c 2661981
|d 2663911
|